000 00892nmm a2200289 a 4500
001 ocm000582401
003 TR-IsHL
005 20201028115956.0
008 130625s2010 tu tur
007 cr cn
020 _a9789756510841
035 _a582401
_b(N$T)
050 0 4 _aPT2621.A26
_bD6 2010
090 0 4 _aPT2621.A26
_bD6 2010
100 1 _aKafka, Franz
245 1 0 _aDönüşüm
_h[electronic resource] /
_cFranz Kafka ; çev. İlknur Altun
250 _a3. bs.
260 _aİstanbul :
_bAthena Yayınları,
_c2010
300 _a96 p.
650 4 _aDil ve Edebiyat
650 4 _aLanguage and Literature
650 0 _aAlman edebiyatı
650 0 _aGerman literature
650 7 _aLITERARY COLLECTIONS / European / German
_2bisacsh
700 1 _aAltun, İlknur
856 4 0 _uhttp://search.ebscohost.com/login.aspx?direct=true&scope=site&db=e011xww&AN=582401
999 _c541
_d541